| 000 | 01317nam0a22003011 4500 | ||
|---|---|---|---|
| 001 | v19\rc\1297619 | ||
| 005 | 20060306190012.5 | ||
| 035 | _a(NLR Aleph) 004449608 | ||
| 090 |
_a4466899 _c4466899 |
||
| 100 | _a20060306d1867 |||y0rusy50 ca | ||
| 101 | 0 | _arus | |
| 102 | _aRU | ||
| 105 | _ay z ||||| | ||
| 200 | 1 |
_aСобрание арифметических задач, расположенное по Руководству к арифметике, составленному для уездных училищ _eНапеч. с изд. Деп. нар. прос. |
|
| 205 | _aНапеч. с издания Деп. нар. прос. | ||
| 210 |
_aМосква _cтип. С. Орлова _d1867 |
||
| 215 |
_a126, II с. _d21 |
||
| 300 | _aАвт. в кн. не указан; установлен по изд.: Кат. рус. кн. Б-ки С.-Петерб. ун-та. Спб., 1897, т. 1, с. 77 | ||
| 605 | _aРуководство к арифметике, составленное для уездных училищ | ||
| 700 | 1 |
_aБуссе _bФ. И. _f1794-1859 _gФедор Иванович |
|
| 801 | 0 |
_aRU _bNLR _gpsbo |
|
| 801 | 0 |
_aRU _bRuMoRGB _2psbo |
|
| 801 | 1 |
_aRU _bProSoft-M _2rusmarc |
|
| 852 |
_aNLR _j18.129.3.18 |
||
| 899 |
_aRuMoRGB _jE 62/377 |
||
| 899 | _aБАН | ||
| 942 | _cBOOK | ||
| 980 | _aNB | ||